Political theory : (Record no. 22860)
[ view plain ]
| 000 -LEADER | |
|---|---|
| fixed length control field | 01995cam a22003615a 4500 |
| 001 - CONTROL NUMBER | |
| control field | 016973831 |
| 003 - CONTROL NUMBER IDENTIFIER | |
| control field | Uk |
| 005 - DATE AND TIME OF LATEST TRANSACTION | |
| control field | 20201128023937.0 |
| 008 - FIXED-LENGTH DATA ELEMENTS--GENERAL INFORMATION | |
| fixed length control field | 141014s2015 enk frb 001 0 eng d |
| 015 ## - NATIONAL BIBLIOGRAPHY NUMBER | |
| National bibliography number | GBB4E4505 |
| Source | bnb |
| 016 7# - NATIONAL BIBLIOGRAPHIC AGENCY CONTROL NUMBER | |
| Record control number | 016973831 |
| Source | Uk |
| 020 ## - INTERNATIONAL STANDARD BOOK NUMBER | |
| International Standard Book Number | 9781137437273 (paperback) |
| 020 ## - INTERNATIONAL STANDARD BOOK NUMBER | |
| International Standard Book Number | 1137437278 (paperback) |
| 040 ## - CATALOGING SOURCE | |
| Original cataloging agency | StDuBDS |
| Language of cataloging | eng |
| Transcribing agency | StDuBDS |
| Modifying agency | EG-ScBUE |
| 042 ## - AUTHENTICATION CODE | |
| Authentication code | ukblsr |
| 082 04 - DEWEY DECIMAL CLASSIFICATION NUMBER | |
| Edition number | 22 |
| Classification number | 320.011 |
| Item number | HEY |
| 100 1# - MAIN ENTRY--PERSONAL NAME | |
| Personal name | Heywood, Andrew. |
| 9 (RLIN) | 1312 |
| 245 10 - TITLE STATEMENT | |
| Title | Political theory : |
| Remainder of title | an introduction / |
| Statement of responsibility, etc | Andrew Heywood. |
| 250 ## - EDITION STATEMENT | |
| Edition statement | 4th ed. |
| 260 ## - PUBLICATION, DISTRIBUTION, ETC. (IMPRINT) | |
| Place of publication, distribution, etc | London : |
| Name of publisher, distributor, etc | Palgrave / Macmillan Publishers Limited, |
| Date of publication, distribution, etc | 2015. |
| 300 ## - PHYSICAL DESCRIPTION | |
| Extent | xxii, 417 p. ; |
| Dimensions | 24 cm. |
| 500 ## - GENERAL NOTE | |
| General note | Index : p. 396-417. |
| 504 ## - BIBLIOGRAPHY, ETC. NOTE | |
| Bibliography, etc | Bibliography : p. 378-395. |
| 505 ## - FORMATTED CONTENTS NOTE | |
| Formatted contents note | 1. What is Political Theory? -- 2. Human Nature, the Individual and Society -- 3. Politics, Government and the State -- 4. Sovereignty, the Nation and Transnationalism -- 5. Power, Authority and Legitimacy -- 6. Democracy, Representation and the Public Interest -- 7. Law, Order and Justice -- 8. Rights, Obligation and Citizenship -- 9. Freedom, Toleration and Identity -- 10. Equality, Social Justice and Welfare -- 11. Property, the Market and Planning -- 12. Security, War and World Order -- 13. Tradition, Progress and Utopia |
| 520 ## - SUMMARY, ETC. | |
| Summary, etc | The fourth edition of this highly successful and accessible text has been substantially revised and updated and includes extra coverage throughout on non-western approaches and international political theory. Each chapter discusses a cluster of interrelated terms, examines how they have been used by different thinkers and in the various political traditions, and explores related debates and controversies. |
| 590 ## - LOCAL NOTE (RLIN) | |
| Local note | Wessam |
| 650 #7 - SUBJECT ADDED ENTRY--TOPICAL TERM | |
| Topical term or geographic name as entry element | Political science. |
| Source of heading or term | BUEsh |
| 9 (RLIN) | 1313 |
| 650 #7 - SUBJECT ADDED ENTRY--TOPICAL TERM | |
| Topical term or geographic name as entry element | Political Science |
| General subdivision | Philosophy. |
| Source of heading or term | BUEsh |
| 9 (RLIN) | 684 |
| 651 ## - SUBJECT ADDED ENTRY--GEOGRAPHIC NAME | |
| Source of heading or term | BUEsh |
| 653 ## - INDEX TERM--UNCONTROLLED | |
| Resource For college | BAEPS, Political Science |
| Arrived date list | October2016 |
| 942 ## - ADDED ENTRY ELEMENTS (KOHA) | |
| Source of classification or shelving scheme | Dewey Decimal Classification |
| Edition | 22 |
| Call number prefix | 320.01 HEY |
| Withdrawn status | Item status | Source of classification or shelving scheme | Damaged status | Not for loan | Vendor | Home library | Current library | Shelving location | Date acquired | Source of acquisition | Cost, normal purchase price | Serial Enumeration / chronology | Total Checkouts | Total Renewals | Full call number | Barcode | Date last seen | Date last borrowed | Cost, replacement price | Koha item type |
|---|---|---|---|---|---|---|---|---|---|---|---|---|---|---|---|---|---|---|---|---|
| Dewey Decimal Classification | Baccah | Central Library | Central Library | First floor | 25/10/2016 | Purchase | 640.00 | 3634 | 3 | 14 | 320.011 HEY | 000034237 | 15/07/2025 | 24/09/2023 | 800.00 | Book - Borrowing |